000 01206nam a2200265Ia 4500
003 OSt
005 20220930095100.0
006 a|||||r|||| 00| 0
007 ta
008 220926b |||||||| |||| 00| 0 san d
024 _a71492
037 _cTheses
040 _aCRL
_cCRL
_bsan
041 _2san
_asan
100 _aरीता कुमारी, ले.
110 _aदिल्ली विश्वविद्यालय. कला संकाय. संस्कृत विभाग
245 0 _aकृष्णप्रसाद शर्मा घिमिरे विरचित श्रीकृष्णचरितामृतम् का समीक्षात्मक अध्ययन
246 _aKṛuṣhṇaprasād sharmā ghimire virachit shrīkṛuṣhṇacharitāmṛutam kā samīkṣhātmak adhyayana
260 _c2020
300 _a392पृ0
_ap.
_ccm.
650 _aसंस्कृत साहित्य
700 _aदिल्ली विश्वविद्यालय. कला संकाय. संस्कृत विभाग
942 _cDIS
_2CC
999 _c888295
_d888295